Creature features : (Record no. 21478)
[ view plain ]
| 000 -LEADER | |
|---|---|
| fixed length control field | 01284cam a2200337 a 4500 |
| 001 - CONTROL NUMBER | |
| control field | 15462614 |
| 005 - DATE AND TIME OF LATEST TRANSACTION | |
| control field | 20170121141120.0 |
| 008 - FIXED-LENGTH DATA ELEMENTS--GENERAL INFORMATION | |
| fixed length control field | 080923s2009 ohua 001 0 eng |
| 010 ## - LIBRARY OF CONGRESS CONTROL NUMBER | |
| LC control number | 2008042232 |
| 015 ## - NATIONAL BIBLIOGRAPHY NUMBER | |
| Source | bnb |
| National bibliography number | GBA8D9101 |
| 016 7# - NATIONAL BIBLIOGRAPHIC AGENCY CONTROL NUMBER | |
| Record control number | 014852622 |
| Source | Uk |
| 020 ## - INTERNATIONAL STANDARD BOOK NUMBER | |
| International Standard Book Number | 9781600611438 (pbk. : alk. paper) |
| 020 ## - INTERNATIONAL STANDARD BOOK NUMBER | |
| International Standard Book Number | 1600611435 (pbk. : alk. paper) |
| 035 ## - SYSTEM CONTROL NUMBER | |
| System control number | (OCoLC)ocn233931208 |
| 037 ## - SOURCE OF ACQUISITION | |
| Stock number | 1298495 |
| Source of stock number/acquisition | QBI |
| 040 ## - CATALOGING SOURCE | |
| Original cataloging agency | DLC |
| Transcribing agency | DLC |
| Modifying agency | QBX |
| -- | BTCTA |
| -- | BAKER |
| -- | UKM |
| -- | ORX |
| -- | DLC |
| 050 00 - LIBRARY OF CONGRESS CALL NUMBER | |
| Classification number | NC1764.8 |
| Item number | .M65M34 2009 |
| 100 1# - MAIN ENTRY--PERSONAL NAME | |
| Personal name | Martinez, Randy. |
| 245 10 - TITLE STATEMENT | |
| Title | Creature features : |
| Remainder of title | draw amazing monsters & aliens / |
| Statement of responsibility, etc. | Randy Martinez. |
| 250 ## - EDITION STATEMENT | |
| Edition statement | 1st ed. |
| 260 ## - PUBLICATION, DISTRIBUTION, ETC. (IMPRINT) | |
| Place of publication, distribution, etc. | Cincinnati, Ohio : |
| Name of publisher, distributor, etc. | Impact, |
| Date of publication, distribution, etc. | c2009. |
| 300 ## - PHYSICAL DESCRIPTION | |
| Extent | 127 p. : |
| Other physical details | ill. (some col.) ; |
| Dimensions | 28 cm. |
| 500 ## - GENERAL NOTE | |
| General note | Includes index. |
| 650 #0 - SUBJECT ADDED ENTRY--TOPICAL TERM | |
| Topical term or geographic name as entry element | Monsters in art. |
| 650 #0 - SUBJECT ADDED ENTRY--TOPICAL TERM | |
| Topical term or geographic name as entry element | Extraterrestrial beings in art. |
| 650 #0 - SUBJECT ADDED ENTRY--TOPICAL TERM | |
| Topical term or geographic name as entry element | Drawing |
| General subdivision | Technique. |
| 942 ## - ADDED ENTRY ELEMENTS (KOHA) | |
| Source of classification or shelving scheme | |
| Koha item type | Hard Covered Materials |
| Classification part | NC1764.8 .M65M34 2009 |
No items available.